000 01465nam a2200433 c 4500
001 18381
003 ES-MaCES
005 20150724120049.0
008 060103s2005 sp d t 000 | spa d
017 _aM 49133-2005
_bDL
020 _a8493420085
035 _aCES20060000044m
040 _aES-MaCES
_bspa
_cES-MaCES
100 1 _aAragón Medina, Jorge
_96411
245 1 4 _aLas políticas de conciliación de la vida laboral y familiar en las Comunidades Autónomas
_cJorge Aragón Medina, Ana Cánovas Montero, Fernando Rocha Sánchez
250 _a1ª ed
260 _aMadrid
_bFundación 1º de Mayo
_bCinca
_c2005
300 _a319 p.
_c24 cm
490 1 _aBiblioteca Ciencias Sociales
504 _aBibliografía: p. 241-246
541 _cGratuito
650 4 _aconciliación
_927303
650 4 _afamilia
_927318
650 4 _atrabajo
_928289
650 4 _apolítica laboral
_928290
650 4 _apolítica familiar
_930329
650 4 _aEspaña
_926964
650 4 _aComunidades Autónomas
_930768
650 4 _aplan de acción
_930406
653 1 0 _aRelaciones laborales-Empleo
650 4 _928300
_apolítica de empleo
700 1 _aCánovas Montero, Ana
_98894
700 1 _aRocha Sánchez, Fernando
_922211
710 2 _aFundación 1º de Mayo
_eed.
_93735
830 0 _aBiblioteca Ciencias Sociales (Ediciones Cinca)
_934144
902 _aLIB Libro
942 _2CES
_cBK
_h2.0.
999 _c18381
_d18381